Colección de documentos inéditos para la historia de España / (Record no. 184511)

MARC details
000 -LEADER
campo de control de longitud fija 00952nam a2200205 i 4500
001 - NÚMERO DE CONTROL
campo de control 184511
003 - IDENTIFICADOR DE NÚMERO DE CONTROL
campo de control ES-MaACL
005 - FECHA Y HORA DE LA ÚLTIMA TRANSACCIÓN
campo de control 20240613145646.0
008 - DATOS DE LONGITUD FIJA--INFORMACIÓN GENERAL
campo de control de longitud fija 150922m18421896sp |||| | spa d
245 00 - MENCIÓN DEL TÍTULO
Título Colección de documentos inéditos para la historia de España /
Mención de responsabilidad, etc. por Martín Fernández Navarrete, Miguel Salvá y Pedro Sainz de Baranda.
260 ## - PUBLICACIÓN, DISTRIBUCIÓN, ETC.
Lugar de publicación, distribución, etc. Madrid :
Nombre del editor, distribuidor, etc. [s.a.],
Fecha de publicación, distribución, etc. 1842-1896 (
Fabricante Imp. de la Viuda de Calero)
300 ## - DESCRIPCIÓN FÍSICA
Extensión 112 v. ;
Dimensiones 21 cm.
500 ## - NOTA GENERAL
Nota general Viuda de Calero imprime hasta el v. 57, Manuel Ginesta desde el 58 al 94, Marco y Viñas desde el 95 al 103 y Perales y Martinez desde el 104 el 112.
651 #4 - PUNTO DE ACCESO ADICIONAL DE MATERIA--NOMBRE GEOGRÁFICO
Nombre geográfico España-
Subdivisión general Historia-
Subdivisión de forma Fuentes.
9 (RLIN) 8345
700 1# - ENTRADA AGREGADA--NOMBRE PERSONAL
Nombre de persona Fernández de Navarrete, Martín,
Fechas asociadas al nombre 1765-1844
9 (RLIN) 49698
700 1# - ENTRADA AGREGADA--NOMBRE PERSONAL
Nombre de persona Salvá, Miguel (
Fechas asociadas al nombre 1791-1873)
9 (RLIN) 156748
700 1# - ENTRADA AGREGADA--NOMBRE PERSONAL
Nombre de persona Sainz de Baranda, Pedro (
Fechas asociadas al nombre 1797-1853)
9 (RLIN) 132303
852 ## - LOCALIZACIÓN
Ubicación ES-MaACL
Número de control de estantería C-437-548
condición física - Faltan vol.: 48-49, 69, 76, 80
Holdings
Estatus retirado Estado de pérdida Estado de daño No para préstamo Colección Biblioteca de origen Biblioteca actual Ubicación en estantería Fecha de adquisición Fuente de adquisición Total de préstamos Signatura topográfica completa Código de barras Visto por última vez Precio de reemplazo Tipo de ítem Koha
        Libros del s. XIX Biblioteca del Ateneo de Madrid Biblioteca del Ateneo de Madrid Sala Palomar 22/09/2015     C-437-548 1194200 23/02/2023 23/02/2023 Libro impreso antiguo